| 000 | 00363nam a22001337a 4500 | ||
|---|---|---|---|
| 020 | _a9780195425413 | ||
| 082 |
_222 _a168 |
||
| 100 | _aGraarke, Leo A and Tindale, Christopher W. | ||
| 245 | _aGood reasoning matters / | ||
| 250 | _a4th ed. | ||
| 260 |
_aNew York, _bOxford University Press, _cc2002. |
||
| 300 |
_axviii, 494p. ; _bill. ; _c23 cm. |
||
| 942 |
_2ddc _cGEN |
||
| 999 |
_c2546 _d2546 |
||